Teoria general del estado;. (Record no. 14421)
[ view plain ]
| 000 -CABECERA | |
|---|---|
| campo de control de longitud fija | 00748cam a2200229u 4500 |
| 001 - NÚMERO DE CONTROL | |
| campo de control | 000014841 |
| 005 - FECHA Y HORA DE LA ÚLTIMA TRANSACCIÓN | |
| campo de control | 20200929163916.0 |
| 008 - DATOS DE LONGITUD FIJA--INFORMACIÓN GENERAL | |
| campo de control de longitud fija | 840817s1934 sp 000 0 spa |
| 010 ## - NÚMERO DE CONTROL DE LA BIBLIOTECA DEL CONGRESO | |
| Número de control de LC | 43040479 |
| 040 ## - FUENTE DE LA CATALOGACIÓN | |
| Centro catalogador/agencia de origen | DO-SdBNP |
| Centro/agencia transcriptor | CarP |
| Centro/agencia modificador | DLC |
| 050 00 - SIGNATURA TOPOGRÁFICA DE LA BIBLIOTECA DEL CONGRESO | |
| Número de clasificación | JC325 |
| Número de documento/Ítem | .K42 |
| 100 1# - ENTRADA PRINCIPAL--NOMBRE DE PERSONA | |
| Nombre de persona | Kelsen, Hans, |
| Fechas asociadas al nombre | 1881-1973. |
| 9 (RLIN) | 33627 |
| 240 00 - TÍTULO UNIFORME | |
| Título uniforme | Allgemeine staatslehre. |
| Lenguaje de la obra | Spanish. [from old catalog] |
| 245 00 - MENCIÓN DE TÍTULO | |
| Título | Teoria general del estado;. |
| 260 ## - PUBLICACIÓN, DISTRIBUCIÓN, ETC. | |
| Lugar de publicación, distribución, etc. | Barcelona [etc.] : |
| Nombre del editor, distribuidor, etc. | Editorial Labor, s.a., |
| Fecha de publicación, distribución, etc. | 1934. |
| 300 ## - DESCRIPCIÓN FÍSICA | |
| Extensión | xix, 544 p. ; |
| Dimensiones | 23 cm. |
| 650 #0 - PUNTO DE ACCESO ADICIONAL DE MATERIA--TÉRMINO DE MATERIA | |
| Término de materia o nombre geográfico como elemento de entrada | State, the. |
| 9 (RLIN) | 33628 |
| 650 #0 - PUNTO DE ACCESO ADICIONAL DE MATERIA--TÉRMINO DE MATERIA | |
| Término de materia o nombre geográfico como elemento de entrada | Constitutional law. |
| 9 (RLIN) | 4133 |
| 650 #0 - PUNTO DE ACCESO ADICIONAL DE MATERIA--TÉRMINO DE MATERIA | |
| Término de materia o nombre geográfico como elemento de entrada | Political science. |
| 9 (RLIN) | 4132 |
| 700 2# - PUNTO DE ACCESO ADICIONAL--NOMBRE DE PERSONA | |
| Nombre de persona | Legaz y Lacambra, Luis, [from old catalog] |
| Término indicativo de función/relación | tr. |
| 9 (RLIN) | 33629 |
| 910 ## - DATOS DE OPCIÓN DEL USUARIO (OCLC) | |
| Datos de opción del usuario | Catalogación por copia / LC |
| Estado de retiro | Estado de pérdida | Restricciones de uso | No para préstamo | Código de colección | Localización permanente | Ubicación/localización actual | Ubicación en estantería | Fecha de adquisición | Número de inventario | Total de préstamos | Signatura topográfica completa | Código de barras | Fecha visto por última vez | Precio válido a partir de | Tipo de ítem Koha | Número de copia |
|---|---|---|---|---|---|---|---|---|---|---|---|---|---|---|---|---|
| Excluido de préstamo | Monografías: Libros y Folletos | General | General | En catalogación | 22.01.2010 | LF1 | 14841-10 | 25.06.2020 | 25.06.2020 | No se presta | ||||||
| Excluido de préstamo | Monografías: Libros y Folletos | General | General | En catalogación | 22.01.2010 | LF1 | 14841-20 | 25.06.2020 | 25.06.2020 | No se presta | e.2 |
